000 00342 a2200133 4500
999 _c13045
_d13045
003 OSt
005 20250807153146.0
008 250807b ||||| |||| 00| 0 eng d
020 _a9783319887975
100 _aDOREEN YARWOOD
245 _aCITYSCAPE IN THE ERA OF INFORMATION AND COMMUNICATION TECHNOLOGIES
260 _bSPRINGER
942 _2ddc